| 000 | 00542nam a22001697a 4500 | ||
|---|---|---|---|
| 003 | 1 | ||
| 005 | 20240905133815.0 | ||
| 008 | 220531b xxu||||| |||| 00| 0 eng d | ||
| 022 | _2979-8-88555-857-0 | ||
| 050 |
_aHD70 _b.M35 2022 |
||
| 245 |
_aManagement cases: _bthriving organizations in the new normal/ _cEdited by: Rommel Sergio |
||
| 260 |
_aUnited States: _bNotionPress.com _cc2022 |
||
| 300 |
_a353 pp. _c23 cm. _eIncludes contributors details. |
||
| 500 | _aManagement--organizations | ||
| 500 | _aManagement-global. | ||
| 942 |
_2lcc _cBK |
||
| 999 |
_c364732 _d364732 |
||